000 00520nam a2200181Ia 4500
005 20251020182616.0
008 200515s9999 xx 000 0 und d
082 _aSC/693.81/V44-TF
110 _aInce
245 0 _aCabillero: Tareas
260 _aCaracas
260 _c1974
300 _as.n.
520 _aTareas representativas del oficio de cabillero, las cuales se presentan no sólo en forma tradicional, si no sobre la base de las nuevas normas
650 _aFIERRERIA
650 _aPUB INCE
942 _cLIB
999 _c3508
_d3508